Distant neighbours: A tale of the subcontinent (Record no. 25377)

MARC details
000 -LEADER
fixed length control field 00300nam a2200121Ia 4500
082 ## - DEWEY DECIMAL CLASSIFICATION NUMBER
Classification number 954
Item number KUL
100 ## - MAIN ENTRY--AUTHOR NAME
Personal name Kuldip Nayar
245 #0 - TITLE STATEMENT
Title Distant neighbours: A tale of the subcontinent
250 ## - EDITION STATEMENT
Edition statement Ed.2
260 ## - PUBLICATION, DISTRIBUTION, ETC. (IMPRINT)
Place of publication Delhi
Name of publisher Vikas
Year of publication 1972
942 ## - ADDED ENTRY ELEMENTS (KOHA)
Koha item type Books
Holdings
Withdrawn status Lost status Damaged status Not for loan Home library Current library Date acquired Cost, normal purchase price Full call number Accession Number Koha item type
        RRII Library RRII Library 16/12/2021 7.50 954 KUL 06035 Books